000 00632nas a2200241 i 4500
001 2415
003 ES-MaACL
005 20250217134627.0
007 t|
008 950801d19822012sp | | 1 ||pa d
022 _a0211-9366
080 _a(058)
245 0 0 _aAnuario El País.
260 _aMadrid :
_bEl País,
_c1982-2012.
300 _a25 v. :
_bil. ;
_c29 cm.
310 _aAnual
362 0 _aAño I (1982)-(2012)
655 7 _2tgfbne
_9226822
_aAnuarios
852 _aES-MaACL
_jHEM-D-201
_dOlim: J-114
_zExpurgado: 30-1-2025
866 0 _o1983,1985-2008.
942 _2udc
999 _c2415
_d2415